ARRUPE JESUIT UNIVERSITY

CORONAVIRUS -STOP THE SPREAD - CLEAN,DISINFECT,COVER

Greenfield (Record no. 4449)

MARC details
000 -LEADER
fixed length control field 00603nam a2200205Ia 4500
003 - CONTROL NUMBER IDENTIFIER
control field 0100
008 - FIXED-LENGTH DATA ELEMENTS--GENERAL INFORMATION
fixed length control field 130227s9999 xx 000 0 und d
040 ## - CATALOGING SOURCE
Transcribing agency ARRUPELIB
050 ## - LIBRARY OF CONGRESS CALL NUMBER
Classification number SPC DT962.76G83 1970
100 ## - MAIN ENTRY--PERSONAL NAME
Personal name Greenfield. Julian MacDonald
9 (RLIN) 9890
245 ## - TITLE STATEMENT
Title Greenfield
Remainder of title testimony of a Rhodesian Federal
260 ## - PUBLICATION, DISTRIBUTION, ETC. (IMPRINT)
Place of publication, distribution, etc Bulawayo
260 ## - PUBLICATION, DISTRIBUTION, ETC. (IMPRINT)
Name of publisher, distributor, etc Books of Rhodesia
300 ## - PHYSICAL DESCRIPTION
Extent xix
300 ## - PHYSICAL DESCRIPTION
Other physical details 259p. 23cm.
650 ## - SUBJECT ADDED ENTRY--TOPICAL TERM
Topical term following geographic name as entry element Balfour declaration
9 (RLIN) 9891
650 ## - SUBJECT ADDED ENTRY--TOPICAL TERM
Location of event Zionism--Great Britain--History--20th century
9 (RLIN) 9892
650 ## - SUBJECT ADDED ENTRY--TOPICAL TERM
Active dates Zionism--History--20th century
9 (RLIN) 9893
942 ## - ADDED ENTRY ELEMENTS (KOHA)
Source of classification or shelving scheme Library of Congress Classification
Item type Monograph ( Printed materials)
Holdings
Withdrawn status Lost status Source of classification or shelving scheme Damaged status Not for loan Collection code Home library Current library Shelving location Date acquired Total Checkouts Full call number Barcode Date last seen Copy number Price effective from Koha item type
    Library of Congress Classification     Main Collection ARRUPE LIBRARY ARRUPE LIBRARY   27/02/2013   SPC DT962.76G83 1970 46405647 07/12/2017 1 27/02/2013 Monograph ( Printed materials)
    Library of Congress Classification     Main Collection ARRUPE LIBRARY ARRUPE LIBRARY Main Collection 10/04/2014   DT962.76G83 1970 46500001678 07/12/2017   10/04/2014 Monograph ( Printed materials)

 

Arrupe Library. PO Box MP320 Mt Pleasant, Harare, Zimbabwe
263 242 745411|librarian@aju.ac.zw